000 00523nam a22001817a 4500
005 20170509144055.0
010 _aENG-117819
020 _a9789383838950
_c795.00
035 _aEN-101351
037 _bDBAD/PUB
082 _a320.968
100 _aPareek, Sunita
245 _aANC and rainbow state of south africa /
_cby Sunita Pareek
260 _aNew Delhi
_bShivalik Prakashan
_c2014
270 _a27/16, Shakti Nagar Delhi-110007
300 _a236p
_c22cm.(Hb)
942 _2ddc
_cEN
_h320.968
_mPAR
999 _c139563
_d139563